al-Tafriqah al-ʻunṣurīyah / (Record no. 49042)

MARC details
000 -LEADER
fixed length control field 00742cam a22002291 4500
001 - CONTROL NUMBER
control field ne 66001385
003 - CONTROL NUMBER IDENTIFIER
control field DLC
005 - DATE AND TIME OF LATEST TRANSACTION
control field 20260227111825.0
008 - FIXED-LENGTH DATA ELEMENTS--GENERAL INFORMATION
fixed length control field 840111s1964 ua 000 0 arar
010 ## - LIBRARY OF CONGRESS CONTROL NUMBER
LC control number ne 66001385
035 ## - SYSTEM CONTROL NUMBER
System control number (OCoLC)10289938
040 ## - CATALOGING SOURCE
Original cataloging agency DLC
Transcribing agency TxU
Modifying agency TxU
-- DLC
042 ## - AUTHENTICATION CODE
Authentication code premarc
050 00 - LIBRARY OF CONGRESS CALL NUMBER
Classification number HT1521
Item number .I42
100 1# - MAIN ENTRY--PERSONAL NAME
Personal name ʻImarī, Aḥmad Suwaylim.
245 13 - TITLE STATEMENT
Title al-Tafriqah al-ʻunṣurīyah /
Statement of responsibility, etc. [taʼlīf] Aḥmad Suwaylim al-ʻImarī.
260 ## - PUBLICATION, DISTRIBUTION, ETC.
Place of publication, distribution, etc. [al-Qāhirah]
Name of publisher, distributor, etc. al-Muʼassasah al-Miṣrīyah al-ʻĀmmah lil-Taʼlīf wa-al-Tarjamah wa-al-Ṭibāʻah wa-al-Nashr,
Date of publication, distribution, etc. 1964.
300 ## - PHYSICAL DESCRIPTION
Extent 144 p.
Dimensions 17 cm.
440 #3 - SERIES STATEMENT/ADDED ENTRY--TITLE
Title al-Maktabah al-Thaqāfīyah,
Volume/sequential designation 115
650 #0 - SUBJECT ADDED ENTRY--TOPICAL TERM
Topical term or geographic name entry element Race relations.
650 #0 - SUBJECT ADDED ENTRY--TOPICAL TERM
Topical term or geographic name entry element Segregation.

No items available.

Powered by Koha